EA FC24 All Icons - Statistics

General Stats
  • This quiz has been taken 200 times
  • The average score is 53 of 105
Answer Stats
Rate Nation Answer % Correct
95 Brazil Pele
99%
94 France Zinedine Zidane
95%
94 Brazil Ronaldo
92%
93 Brazil Ronaldinho
91%
93 Netherlands Johan Cruyff
87%
92 Hungary Ferenc Puskas
80%
92 Russia Lev Yashin
80%
93 USA Mia Hamm
80%
92 Italy Paolo Maldini
80%
92 Germany Gerd Muller
76%
90 Brazil Roberto Carlos
73%
90 Spain Xavi
68%
88 Czech Rep Petr Cech
67%
91 Portugal Eusebio
66%
92 Brazil Garrincha
66%
90 Netherlands Ruud Gullit
66%
91 Netherlands Marco van Basten
65%
89 Germany Phillip Lahm
64%
91 France Thierry Henry
64%
91 Brazil Cafu
62%
89 Ivory Coast Didier Drogba
61%
91 Japan Homare Sawa
61%
90 Germany Lothar Matthaus
59%
90 Italy Andrea Pirlo
58%
92 England Bobby Charlton
58%
91 Brazil Zico
58%
91 Brazil Carlos Alberto
57%
89 Brazil Kaka
57%
89 Portugal Luis Figo
57%
86 Ireland Roy Keane
57%
89 Cameroon Samuel Eto'o
57%
88 Romania Gheorghe Hagi
56%
88 Czech Rep Pavel Nedved
56%
88 Ukraine Andriy Shevchenko
55%
90 Brazil Rivaldo
55%
88 Netherlands Edwin van der Sar
54%
88 Argentina Juan Riquelme
54%
88 England Steven Gerrard
54%
90 Northern Ireland George Best
52%
89 Bulgaria Hristo Stoichkov
52%
89 Brazil Jairzinho
52%
89 Mexico Hugo Sanchez
51%
86 Ghana Michael Essien
51%
89 Brazil Socrates
51%
92 Germany Birgit Prinz
50%
89 Italy Fabio Cannavaro
50%
87 Wales Ian Rush
50%
89 Scotland Kenny Dalglish
50%
89 Denmark Peter Schmeichel
50%
86 Sweden Henrik Larsson
49%
86 Mexico Luis Hernandez
49%
88 Denmark Michael Laudrup
49%
88 England Wayne Rooney
49%
89 Italy Alessandro Nesta
48%
91 Italy Franco Baresi
48%
87 England Frank Lampard
48%
90 Spain Iker Casillas
48%
90 England Bobby Moore
46%
89 Argentina Javier Zanetti
46%
87 Serbia Nemanja Vidic
46%
87 Croatia Davor Suker
45%
87 Spain Fernando Torres
45%
89 Netherlands Ruud van Nistelrooy
45%
88 Germany Miroslav Klose
44%
88 France Patrick Vieira
44%
90 Italy Alessandro Del Piero
43%
89 Spain Carles Puyol
43%
88 England David Beckham
43%
86 Argentina Hernan Crespo
43%
88 England Rio Ferdinand
43%
88 Netherlands Robin van Persie
43%
86 Argentina Juan Veron
41%
91 Italy Roberto Baggio
41%
86 England Ashley Cole
40%
86 Italy Gennaro Gattuso
39%
86 Italy Gianluca Zambrotta
39%
88 England Paul Scholes
39%
87 France Emmanuel Petit
38%
88 France Franck Ribery
38%
89 England Gary Lineker
38%
88 France Laurent Blanc
38%
88 France Marcel Desailly
38%
87 Germany Michael Ballack
38%
88 Netherlands Ronald Koeman
38%
88 Germany Bastian Schweinsteiger
37%
90 Netherlands Dennis Bergkamp
37%
89 England Kelly Smith
36%
87 Spain Xabi Alonso
36%
89 England Alan Shearer
34%
90 France Camille Abily
34%
87 Netherlands Clarence Seedorf
34%
89 Spain Emilio Butragueno
34%
88 Spain Fernando Hierro
34%
87 England Ian Wright
34%
90 Spain Raul
33%
87 France David Trezeguet
32%
87 Italy Gianfranco Zola
31%
88 England Michael Owen
31%
89 France Eric Cantona
30%
87 Netherlands Frank Rijkaard
29%
87 England John Barnes
28%
86 England Sol Campbell
28%
87 Netherlands Patrick Kluivert
27%
87 France Robert Pires
25%
87 France Claude Makalele
10%
No matching quizzes found
Score Distribution
Percent of People with Each Score
Percentile by Number Answered
Your Score History
You have not taken this quiz